00686cam5a220019300 4500001001200000008004100012010001600053015001500069035001900084035002100103035002200124040003000146110004500176245011300221260006500334500005000399740003700449004000600486lce00284202770617s1976 mbc s000 0 eng d acn 77082501 aC77082501X a(Sirsi) r57759 a(DLC)cn 77082501 a(UPRA)lce00284202 aCaOONLbengcCaOONLdUPRA1 bLivestock and Meat Commission.6A16833.110aReport of the enquiry into livestock marketing in Manitoba /cby the Manitoba Livestock and Meat Commission. a[Winnipeg :bManitoba Livestock and Meat Commission],c1976. aCover title: Livestock marketing in Manitoba.0 aLivestock marketing in Manitoba.57759